Responses for Show #7353 - Wednesday, July 27, 2016

Pranjal Vachaspati game 7.

Contestants

[<< previous game]

Barbra Resnick, a social worker from Altamonte Springs, Florida

Zlatan Hodzic, a research lab manager originally from San Jose, California

Pranjal Vachaspati, a Ph.D. student originally from Shaker Heights, Ohio (whose 6-day cash winnings total $137,088)

[next game >>]

Jeopardy! Round responses

BASEBALL
(Alex: All of the clues were recorded at the Ronald Reagan Presidential Library, where they were having a very special baseball exhibition.)
FRUIT STAND
5-LETTER MUSICAL INSTRUMENTS
TIME'S PERSON OF THE YEAR
ENGLAND, SCOTLAND OR WALES
(Alex: You tell us.)
WAYS OF BEING
(Alex: Each correct response will begin with a form of the verb "to be".)
    $200 11
(Zlatan: Who is Babe Ruth?)

Hank Aaron

ZlatanBarbra
    $200 26
an apple

Pranjal
    $200 22
the banjo

Zlatan
    $200 29
George W. Bush

Barbra
    $200 30
Wales

Pranjal
    $200 28
the arena

Zlatan
    $400 12
(Pranjal: Who is Babe Ruth?)

Joe DiMaggio

PranjalZlatan
    $400 27
a grapefruit

Zlatan
    $400 25
a flute

Barbra
    $400 23
(Newt) Gingrich

Pranjal
    $400 9
Scotland

Pranjal
    $400 6
Beene

Triple Stumper
    $600 14
Jackie Robinson

Barbra
    $600 1
an orange

Pranjal
    $2,200 7
the organ

Pranjal
    $600 5
de Gaulle

Pranjal
    $600 16
England

Pranjal
    $600 17
wasabi

Zlatan
    $800 15
Mickey Mantle

Pranjal
    $800 3
the key lime

Barbra
    $800 20
the bugle

Barbra
    $800 2
Lech Walesa

Zlatan
    $800 19
England

Triple Stumper
    $800 10
(Alex: Yes, it's a tough word to say.)

an isthmus

Barbra
    $1000 21
Honus Wagner

Triple Stumper
    $1000 4
a date

Pranjal
    $1000 13
(Zlatan: What is a viola?)

a cello

ZlatanBarbra
    $1000 8
(Haile) Selassie

Pranjal
    $1000 24
Wales

Zlatan
    $1000 18
ameliorate

Pranjal

Scores at the first commercial break (after clue 15):

Pranjal Zlatan Barbra
$6,200 $0 $3,400

Scores at the end of the Jeopardy! Round:

Pranjal Zlatan Barbra
$8,600 $2,400 $4,800

Double Jeopardy! Round responses

DANIEL BOONE WAS A MAN
MONEY MATTERS
COMEDY TONIGHT
LITERARY SISTERS
BEASTLY APPENDAGES
KICK OUT THE "JAM"s
(Alex: "J-A-M" coming up in each correct response, those letters.)
    $400 28
coonskin caps

Zlatan
    $400 29
(Zlatan: What is a buffalo head nickel?)
(Pranjal: What is a coin?)
...
(Alex: You were closer, Pranjal, but it's [*].)

a penny

PranjalZlatan
Triple Stumper
    $400 7
Beverly Hills Cop

Zlatan
    $400 22
(Pranjal: Who is "[*]!"?)
[Laughter]
(Alex: Well done. Well done. Are you auditioning?)
(Pranjal: I'm doing my best.)

Stella

Pranjal
    $400 30
a scorpion

Zlatan
    $400 26
a pajama party

Zlatan
    $800 15
the War of 1812

Pranjal
    $800 20
Eva PerĂ³n

Zlatan
    $800 6
(Pranjal: Who is Carlin?)

(Garry) Shandling

PranjalBarbra
    $800 25
Beezus

Triple Stumper
    $800 18
teeth

Barbra
    $800 16
jambalaya

Barbra
    $1200 27
Lord Byron

Zlatan
    $1200 4
(Pranjal: What is the half--the dollar, the dollar coin?)
...
(Alex: What is the [*] with FDR?)

dime

Pranjal
Triple Stumper
    $1200 5
(Alex: Yep, you gotta love her.)

Kathy Griffin

Barbra
    $1200 10
Sweet Valley High

Barbra
    $1200 2
get rid of their tail

Zlatan
    $1200 8
Benjamins

Barbra
    $1600 23
(Alex: It's called [*]. Makes sense.)

Boonesborough

Triple Stumper
    $4,600 14
(Pranjal: Let's see what Daniel Boone's about, $800.)

the pound

Pranjal
    $1600 1
Arrested Development

Pranjal
    $4,000 11
(Barbra: What is The Sound and the Fury?)

Gone with the Wind

Barbra
    $1600 13
star (the star-nosed mole)

Pranjal
    $1600 9
the Katzenjammer Kids

Triple Stumper
    $2000 24
(Pranjal: What is the Cumberland Road?)
...
(Alex: It was the Wilderness Trail, [*].)

the Wilderness Road

Pranjal
Triple Stumper
    $2000 21
(Lord) Baden-Powell

Barbra
    $2000 3
Key & Peele

Barbra
    $2000 12
Dashwood

Barbra
    $2000 19
(Barbra: What are chimpanzees?)
(Zlatan: What are bonobos?)
(Pranjal: What are lemurs?)

gibbons

PranjalZlatanBarbra
Triple Stumper
    $2000 17
Jammu

Pranjal

Scores at the end of the Double Jeopardy! Round:

Pranjal Zlatan Barbra
$13,200 $4,800 $10,800

[wagering suggestions for these scores]

Final Jeopardy! Round responses

20th CENTURY ENGLISH NOBILITY
(Alex: Howard Carter is the man who uncovered King Tut's tomb. And the man who financed all of that expedition was [*].)
ZlatanWho is George VI?
$4,799
BarbraWho is Livingstone?
$2,401
PranjalWho is George V?
$8,401
Lord Carnarvon

Final scores:

Pranjal Zlatan Barbra
$4,799 $1 $8,399
2nd place: $2,000 3rd place: $1,000 New champion: $8,399

Game dynamics:

Coryat scores:

Pranjal Zlatan Barbra
$8,600 $4,800 $14,800
18 R
(including 2 DDs),
6 W
14 R,
4 W
17 R,
2 W
(including 1 DD)

Combined Coryat: $28,200

[game clues] [game scores] [suggest correction]

Game tape date: 2016-04-28
The J! Archive is created by fans, for fans. Scraping, republication, monetization, and malicious use prohibited; this site may use cookies and collect identifying information. See terms. The Jeopardy! game show and all elements thereof, including but not limited to copyright and trademark thereto, are the property of Jeopardy Productions, Inc. and are protected under law. This website is not affiliated with, sponsored by, or operated by Jeopardy Productions, Inc. Join the discussion at JBoard.tv.